Statistics for Guess the Olivia Rodrigo song with no hints

Click here to take the quiz!

General Stats

  • This quiz has been taken 629 times
  • The average score is 188 of 318

Answer Stats

Answer% Correct
I
98%
a
96%
you
92%
the
85%
The
85%
go
83%
when
79%
me
78%
And
77%
and
77%
he
77%
to
77%
do
74%
So
74%
it
73%
my
73%
on
73%
all
72%
is
71%
your
71%
I'm
66%
then
66%
like
65%
no
65%
that
65%
get
64%
It's
62%
know
62%
what
61%
of
59%
don't
58%
Don't
58%
was
58%
with
57%
got
56%
up
56%
did
55%
should
55%
step
55%
think
54%
Oh
53%
out
53%
time
53%
Every
52%
hate
52%
"How
52%
tell
52%
Can't
51%
guy
51%
this
51%
at
50%
his
50%
say?
50%
social
50%
suicide
50%
told
50%
Told
50%
Wanna
50%
shouldn't
49%
made
48%
Made
48%
making
48%
right
48%
broke
47%
But
47%
fell
47%
secrets
47%
wrong
47%
die
46%
Each
46%
glass
46%
God
46%
guess
46%
Guess
46%
night
46%
outside
46%
over
46%
tripped
46%
gay
45%
worse
45%
Cat
44%
weird
44%
after
43%
anyone
43%
curl
43%
done
43%
Everything
43%
along
42%
clothes
42%
fun
42%
inside
42%
joke
42%
talked
42%
words
42%
boys
41%
day
41%
doesn't
41%
skin
41%
tragic
41%
bones
40%
greatest
40%
morning
40%
panic
40%
party's
40%
Stumbled
40%
stumbled
40%
tongue
40%
Blood
39%
conversation?"
39%
Feels
39%
start
39%
alive
38%
cold
38%
fit
38%
let
38%
type
38%
running
37%
sat
37%
website
37%
whole
37%
line
36%
mom
36%
swore
36%
Thought
36%
Yeah
36%
hot
35%
Called
34%
name
34%
third
34%
twice
34%
laughed
33%
alone
32%
Searching
32%
still
32%
wife
32%
fine
30%
shocked
24%

Score Distribution

Percentile by Number Answered

Percent of People with Each Score

Your Score History

You have not taken this quiz